Super Mario 64 Power Stars: Dire Dire Docks - Statistics

General Stats
  • This quiz has been taken 36 times
  • The average score is 6 of 8
Answers on the Map
Answers color-coded by a green-red scale on the quiz's map according to % correct below.
 
Answer Stats
# Answer % Correct
1 Board Bowser's {Sub}
97%
3 {Pole}-Jumping for Red Coins
94%
6 Collect the {Caps}
77%
7 Inside the {Cage}
77%
4 Through the {Jet} {Stream}
71%
5 The {Manta} {Ray}'s Reward
68%
6 Koopa Surfin' {Switch} {Star}
52%
2 {Chests} in the Current
48%
No matching quizzes found
Score Distribution
Percent of People with Each Score
Percentile by Number Answered
Your Score History
You have not taken this quiz